Proyectos de desarrollo urbano (Registro nro. 36450)
[ vista simple ]
| 000 -LEADER | |
|---|---|
| fixed length control field | 00923 a2200217 4500 |
| 001 - CONTROL NUMBER | |
| control field | 63972 |
| 005 - DATE AND TIME OF LATEST TRANSACTION | |
| control field | 20260521160827.0 |
| 008 - FIXED-LENGTH DATA ELEMENTS--GENERAL INFORMATION | |
| fixed length control field | 260521a1979 arg spa d |
| 003 - CONTROL NUMBER IDENTIFIER | |
| control field | AR-UNSa-BCEJYS |
| 040 ## - CATALOGING SOURCE | |
| Original cataloging agency | AR-UNSa-BCEJYS |
| Language of cataloging | spa |
| Transcribing agency | AR-UNSa-BCEJYS |
| 080 ## - UNIVERSAL DECIMAL CLASSIFICATION NUMBER | |
| Universal Decimal Classification number | 711.4 |
| Common auxiliary subdivision | Ordenación urbana. Desarrollo urbano. Áreas edificadas. Conurbaciones. Asentamientos |
| 020 ## - INTERNATIONAL STANDARD BOOK NUMBER | |
| International Standard Book Number | 978-968-18-1001-6 |
| 041 ## - LANGUAGE CODE | |
| Language code of text/sound track or separate title | spa |
| 100 1# - MAIN ENTRY--PERSONAL NAME | |
| Personal name | Banco Interamericano de Desarrollo (BID) |
| 245 10 - TITLE STATEMENT | |
| Title | Proyectos de desarrollo urbano |
| Name of part/section of a work | Planificación e implementación |
| 264 #1 - PRODUCTION, PUBLICATION, DISTRIBUTION, MANUFACTURE, AND COPYRIGHT NOTICE | |
| Place of production, publication, distribution, manufacture | México : |
| Name of producer, publisher, distributor, manufacturer | Limusa |
| Date of production, publication, distribution, manufacture, or copyright notice | 1979 |
| 300 ## - PHYSICAL DESCRIPTION | |
| Extent | 167 p. |
| Dimensions | 23 cm. |
| 505 ## - FORMATTED CONTENTS NOTE | |
| Formatted contents note | 1. Los sistemas urbanos – 2. Implantación de proyectos de desarrollo urbano – 3. Estudios de caso en administración de proyectos de desarrollo urbano – 4. Ejercicios de administración de proyectos de desarrollo urbano – |
| 590 ## - LOCAL NOTE (RLIN) | |
| Local note | niveau_biblio:m niveau_hierar:0 |
| 942 ## - ADDED ENTRY ELEMENTS (KOHA) | |
| Koha item type | |
| Withdrawn status | Lost status | Damaged status | Not for loan | Home library | Current library | Shelving location | Date acquired | Total checkouts | Full call number | Barcode | Date last seen | Price effective from | Koha item type |
|---|---|---|---|---|---|---|---|---|---|---|---|---|---|
| Biblioteca Prof. Eusebio Cleto del Rey | Biblioteca Prof. Eusebio Cleto del Rey | 21/05/2026 | 711.4 B213 v.3 | L39072 | 21/05/2026 | 21/05/2026 | Libro |